| 000 | 00827nam a22001937a 4500 | ||
|---|---|---|---|
| 003 | JO-AjAnu | ||
| 005 | 20240326090228.0 | ||
| 008 | 240325b jo ||||| |||| 00| 0 ara d | ||
| 040 |
_aJO-AjAnu _cJO-AjAnu |
||
| 041 | 0 | _aara | |
| 050 |
_aCJ3891. _bZ86 2021 |
||
| 100 | 1 |
_aالزيود، حسن عابد. _eمؤلف _965129 |
|
| 245 | 0 |
_aمسكوكات مدينة عمان في متحف البنك الاهلي الاردني للنميات / _cتأليف حسن عابد الزيود |
|
| 260 |
_aعمان : _bالمؤلف، _c2021 |
||
| 300 | _a165 صفحة | ||
| 500 | _aيحتوي على مراجع باللغتين العربية والانجليزية، يحتوي على صور و خرائط | ||
| 650 | 4 | 0 |
_aالنميات - النقود المعدنية - علم الآثار - عمان _965130 |
| 942 |
_2lcc _cREF _n0 |
||
| 999 |
_c33349 _d33349 |
||